000 00276nam a2200121Ia 4500
008 190216s9999||||xx |||||||||||||| ||und||
100 _aKochubava T.V
245 0 _aOnnangane Onningane
260 _bPoorna Pubs Kozhikode
300 _a101
650 _aKathakal
942 _cBK
999 _c27523
_d27523